000 00674nam a22001697a 4500
999 _c11563
_d11563
008 181212b ||||| |||| 00| 0 eng d
082 _22018
_aUT 1091
_bB29
100 _aBasher, Princess Hazel U.
_933150
245 _aCases of minors in need of special program /
_cPrincess Hazel U. Basher, Angel Grace C. Cabonegro, and Blesyl Rose R. Lescano
260 _aDigos City:
_bUMDC
_cNovember 2018.
300 _a55 pages ;
_c29 cm.
650 _aCriminal Justice Education
_vCriminology
_xUndergraduate Thesis.
_933107
700 _aBasher, Princess Hazel U.
_933150
700 _aCabonegro, Angel Grace C.
_933151
700 _aLescano, Blesyl Rose R.
_933152
942 _2ddc
_cUT